[Event "Blumenau U2400 op"]
[Site "Blumenau"]
[Date "2024.08.31"]
[Round "3"]
[White "Fischer Junior, Donaldo"]
[Black "Carstens Dobuchak, Thiago"]
[Result "0-1"]
[WhiteElo "1813"]
[BlackElo "2120"]
[PlyCount "84"]
[EventDate "2024.08.30"]
[EventType "swiss"]
[EventRounds "6"]
[EventCountry "BRA"]
[SourceTitle "EXT 2025"]
[Source "ChessBase"]
[SourceDate "2024.10.14"]
[SourceVersion "1"]
[SourceVersionDate "2024.10.14"]
[SourceQuality "1"]

1. e4 c5 2. Nf3 d6 3. d4 cxd4 4. Nxd4 Nf6 5. f3 e5 6. Nb3 Be6 7. Nc3 d5 8. exd5 Nxd5 9. Bb5+ Nc6 10. Bd2 Be7 11. Qe2 0-0 12. Bxc6 bxc6 13. 0-0 Qc7 14. Rfe1 a5 15. Rad1 a4 16. Nc1 Qb6+ 17. Kh1 Qxb2 18. Nxd5 cxd5 19. Nd3 Qxc2 20. Nb4 Qc4 21. Qxc4 dxc4 22. Rxe5 Bf6 23. Ree1 Rab8 24. a3 Bb2 25. Nc6 Rb3 26. Bb4 Ra8 27. Re5 Bxe5 28. Nxe5 h6 29. Nc6 Kh7 30. Rc1 Rc8 31. Nd4 c3 32. h3 Rc4 33. Nc2 f5 34. Ne3 Rc6 35. Kh2 f4 36. Nd1 c2 37. Nf2 Bf5 38. Bd2 g5 39. h4 Rb1 40. hxg5 hxg5 41. Ne4 Bxe4 42. fxe4 Rxc1 0-1

[Event "Blumenau U2400 op"]
[Site "Blumenau"]
[Date "2024.08.31"]
[Round "4"]
[White "Reckelberg, Juliano Sens"]
[Black "Fischer Junior, Donaldo"]
[Result "0-1"]
[WhiteElo "1621"]
[BlackElo "1813"]
[PlyCount "82"]
[EventDate "2024.08.30"]
[EventType "swiss"]
[EventRounds "6"]
[EventCountry "BRA"]
[SourceTitle "EXT 2025"]
[Source "ChessBase"]
[SourceDate "2024.10.14"]
[SourceVersion "1"]
[SourceVersionDate "2024.10.14"]
[SourceQuality "1"]

1. e4 c5 2. Nf3 Nc6 3. Bb5 g6 4. c3 Bg7 5. d4 cxd4 6. cxd4 Qb6 7. Bxc6 dxc6 8. h3 Be6 9. 0-0 Rd8 10. e5 Bd5 11. Nbd2 Bh6 12. Nb3 Bxc1 13. Rxc1 Bxb3 14. Qxb3 Qxb3 15. axb3 e6 16. Ra1 a6 17. Rfd1 Ne7 18. Ng5 0-0 19. Ne4 Kg7 20. g4 Rb8 21. Kh2 Rfd8 22. Nd6 Nc8 23. Ne4 Na7 24. Nd6 Rd7 25. Rd3 Rbd8 26. b4 g5 27. Kg3 h6 28. f4 Nc8 29. Nxc8 Rxc8 30. f5 Rcd8 31. f6+ Kg6 32. Rad1 Rd5 33. h4 gxh4+ 34. Kxh4 Rb5 35. Rh1 Rxb4 36. Rd2 Rdxd4 37. Rdh2 Rd3 38. b3 Rbxb3 39. Rg2 Re3 40. g5 h5 41. Rd2 Re4# 0-1

[Event "Timbo op 3rd"]
[Site "Timbo"]
[Date "2023.11.05"]
[Round "5"]
[White "Deretti, Lucas Jurk"]
[Black "Fischer Junior, Donaldo"]
[Result "1/2-1/2"]
[WhiteElo "1550"]
[BlackElo "1712"]
[PlyCount "56"]
[EventDate "2023.11.03"]
[EventType "swiss"]
[EventRounds "6"]
[EventCountry "BRA"]
[SourceTitle "CBM 217 Extra"]
[Source "ChessBase"]
[SourceDate "2024.01.31"]
[SourceVersion "1"]
[SourceVersionDate "2024.01.31"]
[SourceQuality "1"]

1. e4 c5 2. Nf3 g6 3. d4 cxd4 4. Nxd4 Nc6 5. c4 Bg7 6. Be3 Nf6 7. Nc3 d6 8. Be2 0-0 9. 0-0 a6 10. h3 Nxd4 11. Bxd4 Qc7 12. Bxf6 Bxf6 13. Nd5 Qc6 14. Nxf6+ exf6 15. Qd4 f5 16. exf5 Bxf5 17. Bf3 Qc7 18. Rfd1 Rad8 19. Rac1 b6 20. b3 Qc5 21. Rd2 Rd7 22. Rcd1 Rfd8 23. Qf6 Be6 24. Qd4 b5 25. cxb5 axb5 26. Bd5 Bxd5 27. Qxd5 Qb6 28. Qd4 Qc6 1/2-1/2

[Event "Catarinense-ch U20"]
[Site "Rio Negrinho"]
[Date "2023.03.24"]
[Round "2"]
[White "Volkmann, Andre Jordi"]
[Black "Fischer Junior, Donaldo"]
[Result "1-0"]
[WhiteElo "2131"]
[BlackElo "1751"]
[PlyCount "74"]
[EventDate "2023.03.24"]
[EventType "swiss"]
[EventRounds "6"]
[EventCountry "BRA"]
[SourceTitle "CBM 213 Extra"]
[Source "ChessBase"]
[SourceDate "2023.05.31"]
[SourceVersion "1"]
[SourceVersionDate "2023.05.31"]
[SourceQuality "1"]

1. b4 e5 2. Bb2 f6 3. a3 a5 4. b5 d5 5. e3 c6 6. c4 Be6 7. cxd5 Bxd5 8. Nc3 Bf7 9. d4 exd4 10. exd4 Bd6 11. Nf3 Ne7 12. Bd3 0-0 13. 0-0 Kh8 14. Rc1 Bf4 15. Rb1 Nd7 16. Qc2 Bg6 17. Bxg6 Nxg6 18. bxc6 bxc6 19. Ne2 Rc8 20. Nxf4 Nxf4 21. a4 Re8 22. Rfe1 Qc7 23. Ba3 Nd5 24. Rxe8+ Rxe8 25. Rc1 Rc8 26. g3 N7b6 27. Nd2 Nb4 28. Bxb4 axb4 29. a5 Nd5 30. Qc5 h6 31. Nc4 Rb8 32. a6 Kh7 33. Na5 Nc3 34. a7 Ra8 35. Re1 Rxa7 36. Nxc6 Rb7 37. Qf5+ Kg8 1-0

[Event "Florianopolis op 9th"]
[Site "Florianopolis"]
[Date "2023.01.28"]
[Round "8"]
[White "Fischer Junior, Donaldo"]
[Black "Gomes, Carlos"]
[Result "1-0"]
[WhiteElo "1763"]
[BlackElo "1537"]
[PlyCount "87"]
[EventDate "2023.01.23"]
[EventType "swiss"]
[EventRounds "10"]
[EventCountry "BRA"]
[SourceTitle "CBM 212 Extra"]
[Source "ChessBase"]
[SourceDate "2023.03.31"]
[SourceVersion "1"]
[SourceVersionDate "2023.03.31"]
[SourceQuality "1"]

1. e4 c5 2. Nf3 d6 3. d4 cxd4 4. Nxd4 Nf6 5. Nc3 a6 6. f3 b5 7. a3 Bb7 8. Be3 Nbd7 9. Nb3 Qc7 10. Qd2 Ne5 11. Qf2 Nfd7 12. Nd2 Rc8 13. h3 Nc5 14. Nb3 Ned7 15. Nxc5 dxc5 16. Be2 e6 17. h4 Bd6 18. Rh3 Bf4 19. Bxf4 Qxf4 20. g3 Qf6 21. Nd1 Qd4 22. Qxd4 cxd4 23. c3 dxc3 24. Nxc3 Ke7 25. Kf2 Rhd8 26. Rhh1 Ne5 27. Rad1 Rxd1 28. Rxd1 Rd8 29. Rxd8 Kxd8 30. Ke3 Kc7 31. f4 Nd7 32. Bg4 Kd6 33. e5+ Kc5 34. b4+ Kb6 35. a4 Bc6 36. a5+ Kc7 37. Bf3 g6 38. Be4 Bxe4 39. Nxe4 Kd8 40. Ng5 f6 41. Nf3 fxe5 42. fxe5 h6 43. Ke4 Ke7 44. Kd4 1-0

[Event "Rio Negrinho Froebel Cup"]
[Site "Rio Negrinho"]
[Date "2022.04.09"]
[Round "3"]
[White "Goncalves, Davi Augusto"]
[Black "Fischer Junior, Donaldo"]
[Result "1-0"]
[WhiteElo "1562"]
[BlackElo "1810"]
[PlyCount "113"]
[EventDate "2022.04.08"]
[EventType "swiss"]
[EventRounds "6"]
[EventCountry "BRA"]
[SourceTitle "EXT 2023"]
[Source "ChessBase"]
[SourceDate "2022.10.05"]
[SourceVersion "1"]
[SourceVersionDate "2022.10.05"]
[SourceQuality "1"]

1. c4 g6 2. g3 Bg7 3. Bg2 c5 4. Nc3 Nc6 5. e3 e6 6. Nge2 Nge7 7. 0-0 0-0 8. d4 cxd4 9. exd4 d5 10. cxd5 Nxd5 11. Nxd5 exd5 12. Be3 Be6 13. Nf4 Qd7 14. Nxe6 fxe6 15. Rc1 Rac8 16. Qd2 Ne7 17. Bh3 Nf5 18. Bxf5 exf5 19. Rxc8 Rxc8 20. Rc1 Rxc1+ 21. Qxc1 Qc6 22. Qxc6 bxc6 23. Kf1 Kf7 24. Ke2 Ke7 25. Kd3 Kd7 26. Bf4 Bf8 27. Kc3 Kc8 28. Kb3 Kb7 29. Ka4 c5 30. Be3 c4 31. Kb5 Be7 32. h4 Bf8 33. Bf4 Be7 34. Be3 a6+ 35. Ka5 Bf6 36. Kb4 Be7+ 37. Ka5 Bf6 38. Kb4 Kb6 39. Kc3 Be7 40. Bf4 Kb5 41. a3 Bd8 42. Be3 Ba5+ 43. Kc2 Ka4 44. Bc1 Be1 45. Be3 Ba5 46. Bc1 h5 47. Bf4 Be1 48. Be3 a5 49. Kd1 c3 50. b4 Bd2 51. bxa5 Kxa5 52. Bxd2 cxd2 53. Kxd2 Ka4 54. Ke3 Kxa3 55. Kf4 Kb4 56. Ke5 Kc4 57. f4 1-0

[Event "Pan American-ch U2000"]
[Site "Timbo"]
[Date "2021.12.03"]
[Round "6"]
[White "Fischer Junior, Donaldo"]
[Black "Boeck, Moacir Luis"]
[Result "1-0"]
[WhiteElo "1768"]
[BlackElo "1878"]
[PlyCount "69"]
[EventDate "2021.12.01"]
[EventType "swiss"]
[EventRounds "9"]
[EventCountry "BRA"]
[SourceTitle "CBM 205 Extra"]
[Source "ChessBase"]
[SourceDate "2022.01.31"]
[SourceVersion "1"]
[SourceVersionDate "2022.01.31"]
[SourceQuality "1"]

1. e4 c5 2. Nf3 e6 3. d4 cxd4 4. Nxd4 a6 5. Bd3 Qc7 6. 0-0 Nf6 7. Be3 Nc6 8. Ne2 Ng4 9. Bf4 e5 10. Bd2 Bc5 11. Nbc3 d6 12. Nd5 Qd8 13. h3 Nf6 14. Bg5 h6 15. Nxf6+ gxf6 16. Bh4 Rg8 17. Ng3 Nd4 18. c3 Ne6 19. Nh5 Ng5 20. Kh2 f5 21. f4 Nf3+ 22. Qxf3 Qxh4 23. fxe5 Bd7 24. Nf6+ Ke7 25. Nxg8+ Rxg8 26. b4 Bb6 27. exd6+ Kd8 28. Rae1 f4 29. Kh1 Rg3 30. Qxf4 Qxf4 31. Rxf4 Rxd3 32. Rxf7 Rxd6 33. e5 Re6 34. Rd1 Re7 35. e6 1-0

[Event "Pan American-ch U2000"]
[Site "Timbo"]
[Date "2021.12.01"]
[Round "2"]
[White "Fischer Junior, Donaldo"]
[Black "Luz, Jhonatan Rodrigues"]
[Result "1-0"]
[WhiteElo "1768"]
[BlackElo "1937"]
[PlyCount "91"]
[EventDate "2021.12.01"]
[EventType "swiss"]
[EventRounds "9"]
[EventCountry "BRA"]
[SourceTitle "CBM 205 Extra"]
[Source "ChessBase"]
[SourceDate "2022.01.31"]
[SourceVersion "1"]
[SourceVersionDate "2022.01.31"]
[SourceQuality "1"]

1. e4 c5 2. Nf3 d6 3. d4 cxd4 4. Nxd4 Nf6 5. Bd3 a6 6. a4 e5 7. Ne2 Be7 8. h3 0-0 9. Be3 d5 10. exd5 Nxd5 11. Bd2 Be6 12. Nbc3 Nd7 13. Nxd5 Bxd5 14. Nc3 Be6 15. Qe2 Rc8 16. 0-0 f5 17. f3 f4 18. Kh1 Rf6 19. Ne4 Rh6 20. Nf2 Bh4 21. Be1 Qg5 22. Ng4 Bxg4 23. fxg4 Nf6 24. Bxh4 Rxh4 25. Bf5 Re8 26. Qc4+ Kh8 27. Qf7 e4 28. Bd7 Rd8 29. Rad1 Rxh3+ 30. gxh3 Qh4 31. g5 Nxd7 32. Qf5 g6 33. Qg4 Qxg4 34. hxg4 f3 35. Rfe1 Re8 36. Re3 Nb6 37. b3 Re5 38. Rd4 Rxg5 39. Rdxe4 f2 40. Rf3 Nd5 41. Rxf2 Nc3 42. Rc4 Nd1 43. Rf7 Kg8 44. Rxb7 Nf2+ 45. Kg2 Rxg4+ 46. Kxf2 1-0

[Event "Pan American-ch U2000"]
[Site "Timbo"]
[Date "2021.12.01"]
[Round "1"]
[White "Silva, Guilherme Henrique"]
[Black "Fischer Junior, Donaldo"]
[Result "1/2-1/2"]
[WhiteElo "1925"]
[BlackElo "1768"]
[PlyCount "113"]
[EventDate "2021.12.01"]
[EventType "swiss"]
[EventRounds "9"]
[EventCountry "BRA"]
[SourceTitle "CBM 205 Extra"]
[Source "ChessBase"]
[SourceDate "2022.01.31"]
[SourceVersion "1"]
[SourceVersionDate "2022.01.31"]
[SourceQuality "1"]

1. e4 c5 2. Nf3 Nc6 3. Bb5 g6 4. c3 Bg7 5. 0-0 e6 6. Bxc6 dxc6 7. d4 cxd4 8. cxd4 Ne7 9. Nc3 b6 10. Be3 Bb7 11. Qd2 Qd7 12. Rac1 0-0 13. Bh6 Rad8 14. Bxg7 Kxg7 15. Rfd1 f6 16. h3 Qc7 17. Qe3 h6 18. Ne2 g5 19. h4 Ng6 20. e5 gxh4 21. Nxh4 Nxh4 22. Qg3+ Kh7 23. Qxh4 Qf7 24. Nc3 f5 25. Ne2 Rg8 26. f3 Rg5 27. Kf2 Rdg8 28. Nf4 Qd7 29. Rd2 c5 30. Rh1 R8g6 31. Nxg6 Rxg6 32. Qf4 c4 33. Rh3 Qa4 34. a3 Qb3 35. Rg3 Rxg3 36. Kxg3 Qb5 37. Rd1 Qd7 38. Rh1 Qg7+ 39. Kf2 Bd5 40. Rh2 Qg6 41. Qh4 Qg7 42. Qh5 Qg6 43. Qxg6+ Kxg6 44. Ke3 a5 45. g3 b5 46. Rh1 b4 47. axb4 axb4 48. Ra1 b3 49. Rc1 h5 50. Kf4 Kh6 51. g4 fxg4 52. fxg4 h4 53. Rc3 Kg6 54. g5 Kh5 55. g6 Kxg6 56. Kg4 Kh6 57. Kxh4 1/2-1/2

[Event "Santa Catarina State-ch 67th"]
[Site "Rio Negrinho"]
[Date "2021.10.25"]
[Round "2"]
[White "Gauche, Charles"]
[Black "Fischer Junior, Donaldo"]
[Result "1-0"]
[WhiteElo "2155"]
[BlackElo "1770"]
[PlyCount "69"]
[EventDate "2021.10.21"]
[EventType "swiss"]
[EventRounds "7"]
[EventCountry "BRA"]
[SourceTitle "EXT 2023"]
[Source "ChessBase"]
[SourceDate "2022.10.05"]
[SourceVersion "1"]
[SourceVersionDate "2022.10.05"]
[SourceQuality "1"]

1. e4 c5 2. Nf3 d6 3. d4 cxd4 4. Nxd4 Nf6 5. Nc3 a6 6. Bg5 e6 7. f4 Be7 8. Qf3 Qc7 9. 0-0-0 0-0 10. g4 Nc6 11. Nb3 b5 12. Bxf6 Bxf6 13. g5 Bxc3 14. Qxc3 Bb7 15. Qd2 Rfd8 16. h4 Rac8 17. Bd3 e5 18. f5 b4 19. g6 fxg6 20. fxg6 a5 21. Kb1 a4 22. Nc1 h6 23. Rhf1 d5 24. Rf7 Qb6 25. Rdf1 Rf8 26. exd5 Nd4 27. Be4 Rxf7 28. Rxf7 Rf8 29. Qf2 Qd6 30. Nd3 b3 31. axb3 axb3 32. c3 Nc2 33. Nc5 Bc8 34. Nxb3 Bb7 35. Kxc2 1-0

[Event "Santa Catarina State-ch 65th"]
[Site "Rio Negrinho"]
[Date "2021.07.25"]
[Round "6"]
[White "Caetano, Ryan Wesley da Cost"]
[Black "Fischer Junior, Donaldo"]
[Result "1-0"]
[WhiteElo "2219"]
[BlackElo "1799"]
[PlyCount "53"]
[EventDate "2021.07.22"]
[EventType "swiss"]
[EventRounds "7"]
[EventCountry "BRA"]
[SourceTitle "EXT 2022"]
[Source "ChessBase"]
[SourceDate "2021.10.06"]
[SourceVersion "1"]
[SourceVersionDate "2021.10.06"]
[SourceQuality "1"]

1. e4 c5 2. Nf3 Nc6 3. d4 cxd4 4. Nxd4 g6 5. Nc3 Bg7 6. Be3 Nf6 7. Bc4 d6 8. f3 e6 9. Bb3 0-0 10. Qd2 d5 11. exd5 exd5 12. 0-0-0 Be6 13. Kb1 Kh8 14. g4 Na5 15. h4 h5 16. Bg5 Nc6 17. Nce2 Ne5 18. gxh5 gxh5 19. Nf4 Qd7 20. Bxf6 Bxf6 21. Nxh5 Bg7 22. Nxg7 Kxg7 23. Qg5+ Ng6 24. h5 Qe7 25. Qg3 Rg8 26. hxg6 Kf8 27. g7+ 1-0

[Event "Santa Catarina State-ch 65th"]
[Site "Rio Negrinho"]
[Date "2021.07.23"]
[Round "3"]
[White "Gauche, Charles"]
[Black "Fischer Junior, Donaldo"]
[Result "1-0"]
[WhiteElo "2209"]
[BlackElo "1799"]
[PlyCount "116"]
[EventDate "2021.07.22"]
[EventType "swiss"]
[EventRounds "7"]
[EventCountry "BRA"]
[SourceTitle "EXT 2022"]
[Source "ChessBase"]
[SourceDate "2021.10.06"]
[SourceVersion "1"]
[SourceVersionDate "2021.10.06"]
[SourceQuality "1"]

1. d4 e6 2. e4 g6 3. Be3 Bg7 4. Qd2 d5 5. Nc3 dxe4 6. Nxe4 b6 7. Bb5+ Bd7 8. Bxd7+ Qxd7 9. Nf3 Ne7 10. 0-0-0 Nf5 11. Bg5 Nd6 12. Nf6+ Bxf6 13. Bxf6 Ne4 14. Qf4 Nxf6 15. Qxf6 0-0 16. Ne5 Qd8 17. Qf4 Qd6 18. Qh6 Re8 19. Rd3 Qf8 20. Qf4 f5 21. h4 Qg7 22. Rg3 Nd7 23. Nxd7 Qxd7 24. h5 Rad8 25. hxg6 h5 26. Rxh5 Qxd4 27. Qxd4 Rxd4 28. Rh2 Rc8 29. Rgh3 Rcd8 30. b3 R4d7 31. Rh8+ Kg7 32. Rxd8 Rxd8 33. Rh7+ Kxg6 34. Rxc7 Ra8 35. Kd2 Kf6 36. g3 Ke5 37. Ke3 Kd6 38. Rf7 b5 39. c3 a5 40. Kd3 Kc6 41. Re7 Kd6 42. Rg7 Rd8 43. Ra7 Kc6+ 44. Ke3 Kb6 45. Re7 Rd6 46. f3 Kc5 47. g4 fxg4 48. fxg4 a4 49. Ra7 axb3 50. axb3 Rd1 51. b4+ Kc6 52. Ra6+ Kd7 53. Rb6 Rc1 54. Kd2 Rg1 55. Rxb5 Rxg4 56. Ra5 Kd6 57. Ra3 Kd5 58. Kd3 Rh4 1-0

[Event "Timbo op"]
[Site "Timbo"]
[Date "2021.06.13"]
[Round "5"]
[White "Fischer Junior, Donaldo"]
[Black "Hornburg, Gustavo Arthur"]
[Result "1-0"]
[WhiteElo "1826"]
[BlackElo "1398"]
[PlyCount "87"]
[EventDate "2021.06.11"]
[EventType "swiss"]
[EventRounds "6"]
[EventCountry "BRA"]
[SourceTitle "EXT 2022"]
[Source "ChessBase"]
[SourceDate "2021.10.06"]
[SourceVersion "1"]
[SourceVersionDate "2021.10.06"]
[SourceQuality "1"]

1. e4 e5 2. Nf3 Nc6 3. Bb5 a6 4. Ba4 Nf6 5. d3 Bc5 6. 0-0 0-0 7. Bxc6 bxc6 8. Nxe5 Qe7 9. Nf3 d6 10. h3 Re8 11. Bg5 h6 12. Bh4 Qe6 13. Nh2 Qe5 14. c3 Bb6 15. Nd2 Qf4 16. Ndf3 d5 17. e5 Nh7 18. d4 Qf5 19. b4 Qg6 20. Bg3 Qe6 21. Nd2 Bd7 22. f4 f5 23. Bf2 Rf8 24. Be3 Rf7 25. Ndf3 Kf8 26. Qe1 a5 27. a3 Bc8 28. Qb1 Ba6 29. Re1 a4 30. g4 g6 31. Nh4 Ke7 32. Kh1 Raf8 33. gxf5 gxf5 34. Rg1 Kd8 35. Qc2 Bb5 36. Rg6 Qd7 37. Rag1 Rh8 38. e6 Qe7 39. Nxf5 Rxf5 40. Qxf5 Rf8 41. Rg8 Ke8 42. Bf2 Nf6 43. Rxf8+ Kxf8 44. Bh4 1-0

[Event "Timbo op"]
[Site "Timbo"]
[Date "2021.06.12"]
[Round "3"]
[White "Fischer Junior, Donaldo"]
[Black "Da Luz, Fabio Rodolfo"]
[Result "1-0"]
[WhiteElo "1826"]
[BlackElo "1417"]
[PlyCount "69"]
[EventDate "2021.06.11"]
[EventType "swiss"]
[EventRounds "6"]
[EventCountry "BRA"]
[SourceTitle "EXT 2022"]
[Source "ChessBase"]
[SourceDate "2021.10.06"]
[SourceVersion "1"]
[SourceVersionDate "2021.10.06"]
[SourceQuality "1"]

1. e4 d6 2. d4 Nf6 3. f3 g6 4. b3 Bg7 5. Bb2 0-0 6. Bd3 Nbd7 7. Nd2 Re8 8. Ne2 e5 9. c3 c6 10. 0-0 exd4 11. cxd4 Nb6 12. f4 Ng4 13. Rf3 Qh4 14. h3 Nf6 15. Ng3 Bh6 16. Qf1 d5 17. e5 Nfd7 18. Rd1 Rf8 19. f5 Bg7 20. Qf2 Qd8 21. f6 Bh6 22. Ndf1 Nb8 23. Bc1 Bxc1 24. Rxc1 h6 25. Qd2 Kh7 26. Rf5 Rh8 27. Rh5 Qf8 28. Ne3 Kg8 29. Nef5 gxf5 30. Bxf5 Bxf5 31. Nxf5 Rh7 32. Nxh6+ Kh8 33. Rc3 N8d7 34. Rg3 Qa3 35. Nxf7# 1-0

[Event "Timbo op"]
[Site "Timbo"]
[Date "2021.06.11"]
[Round "1"]
[White "Fischer Junior, Donaldo"]
[Black "Da Costa, Mariana Nara Santan"]
[Result "1-0"]
[WhiteElo "1826"]
[BlackElo "1236"]
[PlyCount "39"]
[EventDate "2021.06.11"]
[EventType "swiss"]
[EventRounds "6"]
[EventCountry "BRA"]
[SourceTitle "EXT 2022"]
[Source "ChessBase"]
[SourceDate "2021.10.06"]
[SourceVersion "1"]
[SourceVersionDate "2021.10.06"]
[SourceQuality "1"]

1. e4 c6 2. d4 d5 3. f3 dxe4 4. fxe4 Nf6 5. e5 Bg4 6. Be2 Bxe2 7. Nxe2 Nd5 8. 0-0 e6 9. c4 Nb4 10. b3 Be7 11. Nbc3 0-0 12. Ne4 Nd7 13. Bb2 Rc8 14. N2g3 c5 15. d5 exd5 16. cxd5 c4 17. Nf5 cxb3 18. Qg4 g6 19. d6 h5 20. Qg3 1-0

[Event "Sao Bento do Sul op 05"]
[Site "Sao Bento do Sul"]
[Date "2021.05.09"]
[Round "5"]
[White "Fischer Junior, Donaldo"]
[Black "De Freitas, Isabella Ribeiro Co"]
[Result "1-0"]
[WhiteElo "1842"]
[BlackElo "1908"]
[PlyCount "143"]
[EventDate "2021.05.07"]
[EventType "swiss"]
[EventRounds "6"]
[EventCountry "BRA"]
[SourceTitle "EXT 2022"]
[Source "ChessBase"]
[SourceDate "2021.10.06"]
[SourceVersion "1"]
[SourceVersionDate "2021.10.06"]
[SourceQuality "1"]

1. e4 c5 2. Nf3 e6 3. d4 cxd4 4. Nxd4 a6 5. c4 Bb4+ 6. Bd2 Bxd2+ 7. Qxd2 d6 8. Nc3 Nf6 9. 0-0-0 0-0 10. Nf3 Qb6 11. Qd4 Qxd4 12. Nxd4 Ng4 13. Rd2 Nd7 14. h3 Ngf6 15. f3 Rd8 16. Kb1 d5 17. cxd5 exd5 18. Nf5 dxe4 19. fxe4 b5 20. e5 Nh5 21. Be2 b4 22. Na4 Bb7 23. Bxh5 Be4+ 24. Ka1 Bxf5 25. Rhd1 Kf8 26. Bf3 Rac8 27. Nb6 Rc5 28. b3 Ke8 29. Nc4 Be6 30. Nd6+ Ke7 31. Nb7 Rdc8 32. Nxc5 Rxc5 33. Bd5 Bf5 34. g4 Bg6 35. Re1 Nb6 36. Bg2 a5 37. Kb2 a4 38. Rde2 Bd3 39. Rd2 Bg6 40. e6 fxe6 41. Rde2 Bf7 42. Be4 a3+ 43. Kb1 g6 44. Rc1 Rxc1+ 45. Kxc1 Kd6 46. Rf2 Be8 47. Rf8 Bb5 48. Rh8 Ke5 49. Bg2 Nd5 50. Bxd5 exd5 51. Rxh7 Kd4 52. Rb7 Kc5 53. Rxb5+ Kxb5 54. h4 Kc5 55. Kd2 Kd4 56. h5 gxh5 57. gxh5 Ke5 58. Kd3 Kf5 59. Kd4 Kg5 60. Kxd5 Kxh5 61. Kc4 Kg5 62. Kxb4 Kf5 63. Kxa3 Ke6 64. Kb4 Kd6 65. Kb5 Kc7 66. Ka6 Kb8 67. Kb6 Ka8 68. Kc7 Ka7 69. b4 Ka6 70. a4 Ka7 71. b5 Ka8 72. a5 1-0

[Event "Sao Bento do Sul op 05"]
[Site "Sao Bento do Sul"]
[Date "2021.05.07"]
[Round "1"]
[White "Fischer Junior, Donaldo"]
[Black "Rahn, Marlon Cristiano"]
[Result "1-0"]
[WhiteElo "1842"]
[BlackElo "1199"]
[PlyCount "41"]
[EventDate "2021.05.07"]
[EventType "swiss"]
[EventRounds "6"]
[EventCountry "BRA"]
[SourceTitle "EXT 2022"]
[Source "ChessBase"]
[SourceDate "2021.10.06"]
[SourceVersion "1"]
[SourceVersionDate "2021.10.06"]
[SourceQuality "1"]

1. e4 b6 2. d4 Bb7 3. Bd3 e6 4. f4 Nf6 5. Qe2 d6 6. Nf3 Nbd7 7. 0-0 Be7 8. c3 c5 9. e5 dxe5 10. dxe5 Nd5 11. a3 Qc8 12. c4 Nc7 13. Nc3 f6 14. Ne4 0-0 15. Nd6 Bxf3 16. Qxf3 Bxd6 17. exd6 Ne8 18. Qe4 Kf7 19. f5 Ne5 20. fxe6+ Kxe6 21. Qd5+ 1-0

[Event "Sao Bento do Sul op 4th"]
[Site "Sao Bento do Sul"]
[Date "2020.11.02"]
[Round "6"]
[White "De Oliveira, Gustavo Alfredo Bue"]
[Black "Fischer Junior, Donaldo"]
[Result "1-0"]
[WhiteElo "2189"]
[BlackElo "1823"]
[PlyCount "45"]
[EventDate "2020.10.31"]
[EventType "swiss"]
[EventRounds "6"]
[EventCountry "BRA"]
[SourceTitle "EXT 2022"]
[Source "ChessBase"]
[SourceDate "2021.10.06"]
[SourceVersion "1"]
[SourceVersionDate "2021.10.06"]
[SourceQuality "1"]

1. Nf3 c5 2. b3 Nf6 3. Bb2 e6 4. e3 a6 5. Be2 Nc6 6. 0-0 b6 7. c4 Be7 8. d4 d5 9. cxd5 exd5 10. Nc3 0-0 11. Rc1 Bb7 12. Na4 cxd4 13. Nxd4 Nxd4 14. Qxd4 b5 15. Nc5 Qb6 16. Rc2 Bxc5 17. Rxc5 Rfe8 18. Rxd5 Qa5 19. Rg5 Re6 20. Bg4 Rd8 21. Qf4 Nd5 22. Rxg7+ Kf8 23. Qxf7# 1-0

[Event "Sao Bento do Sul op 4th"]
[Site "Sao Bento do Sul"]
[Date "2020.11.01"]
[Round "5"]
[White "Fischer Junior, Donaldo"]
[Black "De Oliveira, Guilherme Alfredo B"]
[Result "1/2-1/2"]
[WhiteElo "1823"]
[BlackElo "1964"]
[PlyCount "101"]
[EventDate "2020.10.31"]
[EventType "swiss"]
[EventRounds "6"]
[EventCountry "BRA"]
[SourceTitle "EXT 2022"]
[Source "ChessBase"]
[SourceDate "2021.10.06"]
[SourceVersion "1"]
[SourceVersionDate "2021.10.06"]
[SourceQuality "1"]

1. e4 c5 2. Nf3 d6 3. d4 cxd4 4. Nxd4 Nf6 5. Bd3 a6 6. a4 e5 7. Ne2 Be7 8. h3 Be6 9. Nbc3 Nbd7 10. 0-0 Nc5 11. f3 Rc8 12. Be3 0-0 13. Qd2 d5 14. exd5 Nxd5 15. Nxd5 Qxd5 16. Nc3 Qc6 17. Qe2 Nxd3 18. cxd3 Rfd8 19. Rfc1 Qd7 20. Bb6 Bc5+ 21. Bxc5 Rxc5 22. Ne4 Rxc1+ 23. Rxc1 Qxa4 24. Rc3 h6 25. Kh1 Qd4 26. Qe1 a5 27. Nc5 Bf5 28. Nb3 Qb4 29. Nc5 f6 30. Qc1 b5 31. Ne4 Bxe4 32. dxe4 Rd4 33. b3 Qd6 34. Qe3 b4 35. Rc1 Rd3 36. Qa7 Rd1+ 37. Rxd1 Qxd1+ 38. Kh2 Qxb3 39. Qxa5 Qc4 40. Qa4 Kf8 41. h4 g6 42. Qa8+ Ke7 43. Qb7+ Kf8 44. Qb8+ Kf7 45. Qb7+ Kf8 46. Qb8+ Kg7 47. Qb7+ Kh8 48. Qb8+ Kg7 49. Qb7+ Qf7 50. Qxb4 h5 51. Qd6 1/2-1/2

[Event "Sao Bento do Sul op 4th"]
[Site "Sao Bento do Sul"]
[Date "2020.10.31"]
[Round "3"]
[White "Fischer Junior, Donaldo"]
[Black "De Carvalho, Carlos Augusto Beck"]
[Result "1-0"]
[WhiteElo "1823"]
[BlackElo "1491"]
[PlyCount "93"]
[EventDate "2020.10.31"]
[EventType "swiss"]
[EventRounds "6"]
[EventCountry "BRA"]
[SourceTitle "EXT 2022"]
[Source "ChessBase"]
[SourceDate "2021.10.06"]
[SourceVersion "1"]
[SourceVersionDate "2021.10.06"]
[SourceQuality "1"]

1. e4 c5 2. Nf3 d6 3. d4 cxd4 4. Nxd4 Nf6 5. Bd3 a6 6. b3 e5 7. Ne2 Be7 8. h3 Nbd7 9. Bb2 Nc5 10. Nd2 Nxd3+ 11. cxd3 0-0 12. 0-0 b5 13. d4 Bb7 14. Ng3 Nd7 15. Nf3 f6 16. d5 a5 17. a3 b4 18. Nh4 Rf7 19. Nhf5 Bf8 20. axb4 axb4 21. Rxa8 Qxa8 22. Qc2 Nc5 23. Ra1 Ba6 24. Ne3 Qb7 25. Nc4 Bxc4 26. bxc4 Qb8 27. Nf5 g6 28. Ne3 Ra7 29. Rxa7 Qxa7 30. Kf1 Bh6 31. Nd1 Qa4 32. Qxa4 Nxa4 33. Ke2 Kf8 34. f3 Ke8 35. Kd3 Kd8 36. Kc2 Nc5 37. Bc1 Bxc1 38. Kxc1 Kc7 39. Ne3 Kb6 40. Ng4 Nd7 41. Kc2 Kc5 42. Kd3 f5 43. exf5 gxf5 44. Ne3 f4 45. Ng4 Nb6 46. Nf6 h6 47. Ne4# 1-0

[Event "Sao Bento do Sul op"]
[Site "Sao Bento do Sul"]
[Date "2019.08.24"]
[Round "5"]
[White "Pertuzatti, Daniel"]
[Black "Fischer Junior, Donaldo"]
[Result "1-0"]
[WhiteElo "1935"]
[BlackElo "1839"]
[PlyCount "61"]
[EventDate "2019.08.23"]
[EventType "swiss"]
[EventRounds "7"]
[EventCountry "BRA"]
[SourceTitle "EXT 2020"]
[Source "ChessBase"]
[SourceDate "2019.10.17"]
[SourceVersion "1"]
[SourceVersionDate "2019.10.17"]
[SourceQuality "1"]

1. e4 c5 2. Nf3 Nc6 3. d4 cxd4 4. Nxd4 d6 5. c4 Qb6 6. Nb3 Nf6 7. Nc3 Bg4 8. Be2 Bxe2 9. Qxe2 Nd4 10. Nxd4 Qxd4 11. Be3 Qe5 12. Nb5 Kd7 13. f3 a6 14. Bd4 Qh5 15. Nc3 Qa5 16. 0-0-0 e5 17. Be3 Be7 18. g4 h6 19. h4 g6 20. Kb1 Rac8 21. Nd5 Nxd5 22. Rxd5 Qc7 23. Rc1 b6 24. Qf2 Rb8 25. f4 Ke8 26. fxe5 dxe5 27. Rf1 f6 28. b3 g5 29. Qf5 Bd8 30. Rfd1 Rh7 31. Bxb6 1-0